000
00334nam a22001217a 4500
003
SGT
082
_a
891.4309
_b
A18P
100
_a
पंत, कैलाश चंद्र
245
_a
अक्षरा
260
_b
राष्ट्रभाषा प्रचार समिति
_c
2018
300
_a
114
942
_2
ddc
_c
BK
999
_c
31868
_d
31868